| 000 | 00648nam a2200181 a 4500 | ||
|---|---|---|---|
| 008 | 190516s2017 ||||||||||||||||| || u | ||
| 020 | _a9781292086934 | ||
| 050 | _aK 24 Sha | ||
| 100 | _aShaw, Julia J.A | ||
| 245 | 1 | 0 |
_aJurisprudence (2nd edition) _cBy Julia J. A Shaw |
| 250 | _a2nd edition | ||
| 260 |
_aHarlow _bPearson _c2017 |
||
| 350 | _a52.08 | ||
| 490 | _aLaw Express | ||
| 650 | _aLAW--PHILOSOPHY--OUTLINES, SYLLABI ETC | ||
| 650 | _aJURISPRUDENCE--OUTLINES, SYLLABI ETC | ||
| 995 |
_FCBU-MAIN LIBRARY (Kitwe) _I52.08 _M1 _UAVAILABLE _WMay 24, 2019 _ZMain Library Open Access Collection |
||
| 999 |
_c48527 _d48527 |
||